000 00259nam a22001097a 4500
999 _c2888
_d2888
008 190404e1971 ag ||||| |||| 00| 0 spa d
100 1 _aBeguet, Adolfo
245 _aQuimica organica
250 _a5a ed.
260 _aBuenos Aires
_bCesarini
_c1971
500 _3Baja